Sereď celkový pohľad : budova MsNV : Námestie 1. mája : Obchodné stredisko Progres

Zobrazenie: Na zelenom podklade v bielom orámovaní pohľady na mesto z diaľky, na pamätník na Námestí 1. mája a budovu obchodného strediska Progres

Bibliographic Details
Other Authors: Ondrejkovič, Ivan, 1935-1998 (Photographer), Jurisa, Eugen, 1908-1994 (Photographer)
Format: Photo
Language:Slovak
PhysicalDescription:1 pohľadnica (4 čiastkové pohľady) farebná 11 x 15 cm
Published: Bratislava ČSTK-Pressfoto 1990
Subjects:

MARC

LEADER 00000ckm a2200000 a 4500
001 vtls001207707
003 SK-MaSNL
005 20260331202906.0
007 kf co
008 230718s1990 xo g 0kuslo
015 |a SNBG1990 
035 |a SNK000150777 
035 |a urn:nbn:sk:snk-km3lwdq 
035 |a 52CCB1B7-44D3-408A-8213-16D373AA6A56 
035 |a urn:nbn:sk:snk-km00dray 
040 |a SNK  |b slo  |c SNK  |e AACR2 
041 0 |a slo 
043 |a e-xo--- 
044 |a xo  |c SK 
072 7 |a 913  |x Regionálna geografia  |2 konspekt 
080 |a 913(437.6)  |2 2011 
080 |a 352/354  |2 2011 
080 |a 711.61  |2 2011 
080 |a 725.945  |2 2011 
080 |a 725.1:339.372.2  |2 2011 
080 |a (084.121)  |2 2011 
100 1 |a Ondrejkovič, Ivan,  |d 1935-1998  |4 pht  |9 7599 
245 1 0 |a Sereď  |h grafika  |b celkový pohľad : budova MsNV : Námestie 1. mája : Obchodné stredisko Progres  |c foto: I. Ondrejkovič, E. Jurisa ; grafický návrh : J. Býma 
246 1 |i Názov na obrazovej časti:  |a Sereď 
260 |a Bratislava  |b ČSTK-Pressfoto  |c 1990  |e Skalica  |f Grafobal 
300 |a 1 pohľadnica (4 čiastkové pohľady)  |b farebná  |c 11 x 15 cm 
520 8 |a Zobrazenie: Na zelenom podklade v bielom orámovaní pohľady na mesto z diaľky, na pamätník na Námestí 1. mája a budovu obchodného strediska Progres 
650 0 7 |a národné výbory  |2 SNKPH  |9 59059 
650 0 7 |a námestia  |2 SNKPH  |9 26291 
650 0 7 |a pamätníky  |2 SNKPH  |9 25601 
650 0 7 |a obchodné domy  |2 SNKPH  |9 3005 
651 7 |a Sereď (Slovensko)  |2 SNKPH  |9 59452 
655 7 |a miestne pohľadnice  |2 SNKPH  |9 70510 
700 1 |a Jurisa, Eugen,  |d 1908-1994  |4 pht  |9 7598 
700 1 |a Býma, J.  |c (grafik)  |4 art  |9 283282 
852 |a Slovenská národná knižnica 
954 |a pohľadnice pôvodné (slovenské)  |2 lita 
958 |a GBN 
958 |a TL 
958 |a GC 
958 |a OND 
958 |a EUIPO 
999 |c 596348  |d 598278 
952 |a SNK  |b SNK  |y PREZ  |7 0  |p 17A1297583  |o snkSP 143922  |i snk5327/90  |0 0  |1 0  |4 0  |d 2019-03-27  |f 1  |l 0  |r 2026-02-23 15:39:36  |w 2026-02-23 
952 |a SNK  |b SNK  |y PREZ  |7 0  |p 17A1297359  |o snkSP 143922 D1  |i snk5326/90  |0 0  |1 0  |4 0  |d 2019-03-27  |l 0  |r 2026-02-23 15:39:36  |w 2026-02-23